[Event "Graz-ch"]
[Site "Graz"]
[Date "1994.??.??"]
[Round "1"]
[White "Eferl, R."]
[Black "Mitloehner, Norbert"]
[Result "1-0"]
[WhiteElo "2100"]
[BlackElo "1930"]
[PlyCount "81"]
[EventDate "1994.??.??"]
[EventType "swiss"]
[EventRounds "9"]
[EventCountry "AUT"]
[SourceTitle "EXT 1998"]
[Source "ChessBase"]
[SourceDate "1997.11.17"]
[SourceVersion "1"]
[SourceVersionDate "1997.11.17"]
[SourceQuality "1"]

1. d4 d5 2. c4 e6 3. Nc3 Be7 4. Nf3 Nf6 5. Bg5 Nbd7 6. e3 0-0 7. Bd3 dxc4 8. Bxc4 c6 9. Rc1 Nd5 10. Bxe7 Qxe7 11. 0-0 N5b6 12. Bd3 e5 13. Qc2 g6 14. Rfe1 f5 15. e4 f4 16. d5 g5 17. Na4 Nxa4 18. Qxa4 g4 19. Nd2 c5 20. b4 cxb4 21. Rc7 Qd6 22. Rec1 a5 23. Bb5 Nb6 24. Qd1 Kh8 25. R1c5 f3 26. g3 a4 27. Qc2 Bd7 28. Bxd7 Nxd7 29. Nc4 Qxc5 30. Rxc5 Nxc5 31. Nxe5 Rfc8 32. h4 a3 33. Nxg4 b3 34. Qc3+ Kg8 35. Nh6+ Kf8 36. Qf6+ Ke8 37. Qf7+ Kd8 38. Nf5 Nd7 39. d6 Rc1+ 40. Kh2 b2 41. Qe7+ 1-0

[Event "Graz-ch"]
[Site "Graz"]
[Date "1994.??.??"]
[Round "5"]
[White "Eferl, R."]
[Black "Weissenbichler, Franz"]
[Result "1-0"]
[WhiteElo "2100"]
[BlackElo "2030"]
[PlyCount "151"]
[EventDate "1994.??.??"]
[EventType "swiss"]
[EventRounds "9"]
[EventCountry "AUT"]
[SourceTitle "EXT 1998"]
[Source "ChessBase"]
[SourceDate "1997.11.17"]
[SourceVersion "1"]
[SourceVersionDate "1997.11.17"]
[SourceQuality "1"]

1. d4 Nf6 2. c4 c5 3. d5 d6 4. Nc3 g6 5. e4 Bg7 6. Nf3 Bg4 7. Be2 Nbd7 8. 0-0 0-0 9. h3 Bxf3 10. Bxf3 Nb6 11. Be2 Nfd7 12. Qc2 a6 13. b3 Qc7 14. Bb2 Rad8 15. Nd1 Nf6 16. Ne3 Nbd7 17. g4 e5 18. Kg2 Bh6 19. Bc1 Bf4 20. Bd2 Ne8 21. Rh1 Ng7 22. Rag1 Rb8 23. h4 h6 24. Kf1 Kh7 25. Ng2 Bxd2 26. Qxd2 Qd8 27. Ne3 b6 28. h5 g5 29. Kg2 Qf6 30. a4 Qf4 31. Qc2 Qf6 32. a5 Qd8 33. Ra1 Ra8 34. Ra3 Qc7 35. Rha1 Ra7 36. Nd1 Rb8 37. Nc3 Rba8 38. Qa2 Qb7 39. axb6 Qxb6 40. Nb5 Rb7 41. Rxa6 Rxa6 42. Qxa6 Ne8 43. Qa2 Kg7 44. Qb2 Ndf6 45. f3 Nc7 46. Qa3 Nfe8 47. Qa5 Qxa5 48. Rxa5 Kf6 49. Kf2 Ke7 50. Ke3 Rb8 51. Kd2 Ra8 52. Na7 Kd7 53. Bd1 Rb8 54. Kc3 Rb6 55. Nc6 Kc8 56. Ne7+ Kb8 57. Nf5 Nf6 58. Nxh6 Nh7 59. Nxf7 Kc8 60. Nh6 Kd7 61. Nf5 Rb7 62. Ne3 Rb6 63. Ra7 Kc8 64. Nc2 Kb8 65. Ra5 Ra6 66. Rxa6 Nxa6 67. b4 cxb4+ 68. Nxb4 Nc5 69. Nd3 Nd7 70. Kb4 Kc7 71. Ba4 Ndf6 72. c5 Nf8 73. Nb2 dxc5+ 74. Kxc5 N8d7+ 75. Bxd7 Nxd7+ 76. Kb5 1-0